1900 1029 1738 1781 1383 1107 1242 1986 1636 1290 1665 1712 1974 1846 1179 1557 1536 1164 1359 1481 1374 1293 1316 1517 1101 1066 1602 1664 1988 1354 1515 1245 1497 1324 1355 1598 1395 1346 1171 1663 1671 1039 1508 1847 1211 1663 1111 1778 1317 1463 1909 1402 1954 1014 1612 1397 1407 1554 1138 1410 1601 1076 1981 1319 1958 1972 1844 1168 1121 1922 1860 1015 1755 1181 1970 1243 1665 1282 1174 1944 1383 1998 1288 1024 1349 1143 1265 1476 1729 1913 1249 1268 1475 1559 1151 1782 1417 1762 1946 BCNSPRNW ULIB Ver.6.0+V

เปลี่ยนเป็นภาษาไทย

Change to English
 แสดงรายละเอียดบรรณานุกรม
  กลับหน้าหลัก

Brief Record : Get Marc (ISO 2709) : E-mail record : QR code < ปิดหน้าต่าง
LEADER : 00000nam 2200000uu 4500
001    13399110681
003     ULIB
008    110607s2543||||th 000 0 tha d
020    9746440403
060 04 WS100^bก717ส 2543
245 00 กุมารเวชศาสตร์ ปี ค.ศ. 2000 / ^cประยงค์ เวชวนิชสนอง, มาลัย ว่องชาญชัยเลิศ, บรรณาธิการ
250    พิมพ์ครั้งที่ 1
260    หาดใหญ่ : ^bภาควิชากุมารเวชศาสตร์ คณะแพทยศาสตร์ มหาวิทยาสงขลานครินทร์, ^c2543
300    126 หน้า : ^bภาพประกอบ
504    บรรณานุกรมท้ายบท
504    ดัชนีท้ายเล่ม
590    Gift-T-43
650  7 กุมารเวชศาสตร์
650  2 Pediatrics
700 0  ประยงค์ เวชวนิชสนอง ^eบรรณาธิการ
700 0  มาลัย ว่องชาญชัยเลิศ ^eบรรณาธิการ
710 2  มหาวิทยาลัยสงขลานครินทร์ ^bคณะแพทยศาสตร์ ภาควิชากุมารเวชศาสตร์
945    ^p160^l0^i015703
995    ทศพร
999 ^a ใช้งานได้ทุกระบบ
รายการนี้ยังไม่มีแท็ก
คุณยังไม่ได้ล็อกอิน คุณสามารถมีกิจกรรมร่วมกับเว็บไซต์ได้ แต่ต้องล็อกอินก่อน ::
  ล็อกอิน

รายการสื่อสารสนเทศ

ลำดับที่ ประเภท เลขเรียก/บาร์โค้ด สถานที่ สถานะ
- ไม่พบข้อมูล -

รายการใกล้เคียง
    หัวเรื่อง [กุมารเวชศาสตร์]
    หัวเรื่อง [Pediatrics]

BibComment


ยังไม่เคยถูกคอมเมนท์

คอมเมนท์ทรัพยากรรายการนี้
  คอมเมนท์: กุมารเวชศาสตร์ ปี..


 Copyright 2026. Bcnsprnw @Library